LEADER 02111nam 2200373 450 001 996280853803316 005 20230420033739.0 010 $a1-4799-3662-6 035 $a(CKB)3780000000082275 035 $a(NjHacI)993780000000082275 035 $a(EXLCZ)993780000000082275 100 $a20230420d2014 uy 0 101 0 $aeng 135 $aur||||||||||| 181 $ctxt$2rdacontent 182 $cc$2rdamedia 183 $acr$2rdacarrier 200 10$a2014 Loughborough Antennas and Propagation Conference (LAPC) $e10-11 November 2014 in Burleigh Court International Conference Centre, Loughborough University, United Kingdom /$fInstitute of Electrical and Electronics Engineers 210 1$aPiscataway, New Jersey :$cIEEE,$d2014. 215 $a1 online resource (755 pages) $cillustrations 311 $a1-4799-3663-4 330 $aLAPC 2014, celebrating its 10 year anniversary, covers all topics related to the fields of antennas and propagation Topics of interest include, but are not limited to Antenna design & theory Indoor, outdoor and ionospheric propagation Filters, phase shifters, switches, feeds and matching networks for antennas Biomedical applications of antennas and Specific Absorption Rate Metamaterials, Electromagnetic bandgap materials & Frequency selective surfaces Computational and numerical techniques antenna measurements and techniques near fields and coupling Energy harvesting On body antennas and channels Small, mobile, reconfigurable, vehicular, smart, dielectric resonator, array, multi band, RFID antennas Emerging antenna & propagation trends. 517 $a2014 Loughborough Antennas and Propagation Conference 517 $a2014 Loughborough Antennas and Propagation Conference (LAPC) 517 $aAntennas and Propagation Conference 606 $aRadio wave propagation$vCongresses 615 0$aRadio wave propagation 676 $a551.527 801 0$bNjHacI 801 1$bNjHacl 906 $aPROCEEDING 912 $a996280853803316 996 $a2014 Loughborough Antennas and Propagation Conference (LAPC)$93089098 997 $aUNISA LEADER 02140nam 22007093u 450 001 9910778966303321 005 20230124181245.0 010 $a0-8330-4360-9 010 $a0-585-38376-6 035 $a(CKB)111004368714986 035 $a(EBL)3031494 035 $a(SSID)ssj0000199985 035 $a(PQKBManifestationID)12058705 035 $a(PQKBTitleCode)TC0000199985 035 $a(PQKBWorkID)10197200 035 $a(PQKB)11673619 035 $a(MiAaPQ)EBC3031494 035 $a(EXLCZ)99111004368714986 100 $a20151005d2001|||| u|| | 101 0 $aeng 135 $aur|n|---||||| 181 $ctxt 182 $cc 183 $acr 200 10$aMeasuring national power in the postindustrial age$b[electronic resource] 210 $aSanta Monica $cRAND Corporation, The$d2001 215 $a1 online resource (201 p.) 300 $aDescription based upon print version of record. 311 $a0-8330-2792-1 606 $aElectronic books. -- local 606 $aIndustrial capacity 606 $aIndustrial mobilization 606 $aMilitary readiness 606 $aMilitary readiness 606 $aIndustrial capacity 606 $aIndustrial mobilization 606 $aArmies$2HILCC 606 $aMilitary & Naval Science$2HILCC 606 $aLaw, Politics & Government$2HILCC 615 4$aElectronic books. -- local. 615 4$aIndustrial capacity. 615 4$aIndustrial mobilization. 615 4$aMilitary readiness. 615 0$aMilitary readiness 615 0$aIndustrial capacity 615 0$aIndustrial mobilization 615 7$aArmies 615 7$aMilitary & Naval Science 615 7$aLaw, Politics & Government 676 $a355/.0332 700 $aTellis$b Ashley J$0673953 701 $aLayne$b Christopher$0472263 701 $aBially$b Janice L$01489145 712 02$aArroyo Center 712 02$aUnited States Army. 801 0$bAU-PeEL 801 1$bAU-PeEL 801 2$bAU-PeEL 906 $aBOOK 912 $a9910778966303321 996 $aMeasuring national power in the postindustrial age$93709704 997 $aUNINA